[Event "Sao Paulo Salles Cup 11th"]
[Site "Sao Paulo"]
[Date "2017.03.26"]
[Round "5"]
[White "Nikolic, Jovane"]
[Black "Santos, Marcos Correia"]
[Result "1/2-1/2"]
[WhiteElo "1800"]
[BlackElo "1601"]
[PlyCount "57"]
[EventDate "2017.03.24"]
[EventType "swiss (blitz)"]
[EventRounds "6"]
[EventCountry "BRA"]
[SourceTitle "CBM 177 Extra"]
[Source "ChessBase"]
[SourceDate "2017.04.27"]
[SourceVersion "1"]
[SourceVersionDate "2017.04.27"]
[SourceQuality "1"]

1. e4 c5 2. c3 Nf6 3. e5 Nd5 4. d4 cxd4 5. Nf3 e6 6. cxd4 d6 7. Bc4 Nc6 8. Bxd5 exd5 9. h3 Be7 10. 0-0 Be6 11. Nc3 0-0 12. Bf4 dxe5 13. dxe5 a6 14. Ne2 Bc5 15. Rc1 Ba7 16. Ned4 Rc8 17. Be3 Bb8 18. Qd3 Nxe5 19. Qb1 Nxf3+ 20. Nxf3 Qd7 21. b3 Bxh3 22. Rxc8 Rxc8 23. gxh3 Qxh3 24. Qd1 Rc6 25. Qxd5 Rg6+ 26. Bg5 Qg4+ 27. Kh1 Qh3+ 28. Kg1 Qg4+ 29. Kh1 1/2-1/2

[Event "Sao Paulo Salles Cup 11th"]
[Site "Sao Paulo"]
[Date "2017.03.24"]
[Round "2"]
[White "Seccafim, Caic Dos Santos"]
[Black "Nikolic, Jovane"]
[Result "1-0"]
[WhiteElo "1528"]
[BlackElo "1800"]
[PlyCount "85"]
[EventDate "2017.03.24"]
[EventType "swiss (blitz)"]
[EventRounds "6"]
[EventCountry "BRA"]
[SourceTitle "CBM 177 Extra"]
[Source "ChessBase"]
[SourceDate "2017.04.27"]
[SourceVersion "1"]
[SourceVersionDate "2017.04.27"]
[SourceQuality "1"]

1. e4 c6 2. d4 d5 3. e5 c5 4. c3 Nc6 5. h3 e6 6. Nf3 Qb6 7. Bd3 cxd4 8. cxd4 Bd7 9. Bc2 Bb4+ 10. Nc3 Nge7 11. 0-0 Bxc3 12. bxc3 0-0 13. Bxh7+ Kxh7 14. Ng5+ Kg6 15. Qd3+ f5 16. Qg3 f4 17. Qg4 Nf5 18. Nxe6+ Kh7 19. Qh5+ Nh6 20. Ng5+ Kg8 21. Qg6 Bf5 22. Qh5 Ne7 23. Ba3 Bg6 24. Qh4 Nhf5 25. Qxf4 Rae8 26. Qd2 Nh4 27. f4 Be4 28. Nxe4 dxe4 29. Qe1 Nhf5 30. g4 Qg6 31. Kh2 Nh6 32. Qe3 Nd5 33. Qd2 e3 34. Qe2 Rxf4 35. Qc4 Qf7 36. Kh1 Rf2 37. Rxf2 exf2 38. Rf1 Qf3+ 39. Kh2 Kh8 40. Bc1 Re6 41. Qc8+ Kh7 42. Qxe6 Nxc3 43. Bxh6 1-0

[Event "Sao Paulo Interclubs Paulista"]
[Site "Sao Paulo"]
[Date "2017.03.05"]
[Round "3.4"]
[White "Nikolic, Jovane"]
[Black "Tashima, Vanessa Kelly"]
[Result "1/2-1/2"]
[WhiteElo "1997"]
[BlackElo "2004"]
[PlyCount "87"]
[EventDate "2017.03.04"]
[EventType "team-tourn"]
[EventRounds "7"]
[EventCountry "BRA"]
[SourceTitle "CBM 177 Extra"]
[Source "ChessBase"]
[SourceDate "2017.04.27"]
[SourceVersion "1"]
[SourceVersionDate "2017.04.27"]
[SourceQuality "1"]
[WhiteTeam "Pinheiros"]
[BlackTeam "Circulo Militar"]
[WhiteTeamCountry "BRA"]
[BlackTeamCountry "BRA"]

1. e4 e6 2. d4 d5 3. exd5 exd5 4. Nf3 Bd6 5. Bd3 Bg4 6. 0-0 Nc6 7. Re1+ Nge7 8. c3 Qd7 9. b4 f6 10. Nbd2 Nd8 11. Nf1 Bf5 12. Ng3 Bxd3 13. Qxd3 0-0 14. Nh5 Ng6 15. Bd2 Nf7 16. c4 c6 17. c5 Bc7 18. Re2 a5 19. bxa5 Bxa5 20. Bxa5 Rxa5 21. Qd2 Rfa8 22. Nf4 Nxf4 23. Qxf4 Ra3 24. Qd2 Qg4 25. h3 Qf5 26. Qb2 Rxf3 27. gxf3 Ng5 28. Rae1 Nxf3+ 29. Kg2 Ng5 30. Re8+ Rxe8 31. Rxe8+ Kf7 32. Re3 Ne4 33. Qxb7+ Kg6 34. Qb2 h5 35. Qe2 Kh6 36. Rxe4 dxe4 37. a4 Qg5+ 38. Kh2 Qf4+ 39. Kh1 Kg6 40. a5 f5 41. a6 Qc1+ 42. Kg2 Qg5+ 43. Kf1 Qc1+ 44. Kg2 1/2-1/2

[Event "Florianopolis op 3rd"]
[Site "Florianopolis"]
[Date "2017.01.22"]
[Round "4"]
[White "Nikolic, Jovane"]
[Black "Bonvini, Adriana Tonhati"]
[Result "1-0"]
[WhiteElo "1813"]
[BlackElo "1603"]
[PlyCount "71"]
[EventDate "2017.01.20"]
[EventType "swiss"]
[EventRounds "10"]
[EventCountry "BRA"]
[SourceTitle "CBM 176 Extra"]
[Source "ChessBase"]
[SourceDate "2017.03.02"]
[SourceVersion "1"]
[SourceVersionDate "2017.03.02"]
[SourceQuality "1"]

1. e4 e6 2. d4 d5 3. exd5 exd5 4. Nf3 Nf6 5. h3 Be7 6. Bd3 0-0 7. 0-0 Nbd7 8. Re1 Re8 9. c3 c6 10. Bf4 Nf8 11. Ne5 Ne6 12. Bg3 Qb6 13. b4 a5 14. bxa5 Qb2 15. Nd2 Qxc3 16. Nb3 Bb4 17. Re3 Qb2 18. Bh4 Be7 19. Bxf6 Bxf6 20. Bxh7+ Kf8 21. Qh5 Bxe5 22. Qxe5 Bd7 23. Qd6+ Re7 24. Rc1 Rae8 25. f4 g6 26. f5 Kg7 27. f6+ Kxh7 28. fxe7 Bc8 29. Rxe6 Bxe6 30. Qd8 Rxd8 31. exd8Q Qxa2 32. Nc5 Qd2 33. Qh4+ Kg8 34. Nxe6 fxe6 35. Qd8+ Kf7 36. Rf1+ 1-0

[Event "Florianopolis op 3rd"]
[Site "Florianopolis"]
[Date "2017.01.21"]
[Round "2"]
[White "Nikolic, Jovane"]
[Black "Scardini, Leonardo"]
[Result "1-0"]
[WhiteElo "1813"]
[BlackElo "1386"]
[PlyCount "41"]
[EventDate "2017.01.20"]
[EventType "swiss"]
[EventRounds "10"]
[EventCountry "BRA"]
[SourceTitle "CBM 176 Extra"]
[Source "ChessBase"]
[SourceDate "2017.03.02"]
[SourceVersion "1"]
[SourceVersionDate "2017.03.02"]
[SourceQuality "1"]

1. e4 c5 2. c3 d6 3. d4 cxd4 4. cxd4 e6 5. Nc3 Nf6 6. Bd3 Nc6 7. Nge2 a6 8. a3 Qc7 9. 0-0 Be7 10. h3 0-0 11. Be3 b5 12. b4 Bb7 13. Rc1 Qd7 14. f4 d5 15. e5 Ne8 16. f5 f6 17. fxe6 Qxe6 18. Nf4 Qd7 19. Qh5 h6 20. e6 Qd8 21. Qf5 1-0

[Event "Florianopolis op 3rd"]
[Site "Florianopolis"]
[Date "2017.01.20"]
[Round "1"]
[White "Correa, Jose Augusto"]
[Black "Nikolic, Jovane"]
[Result "1-0"]
[WhiteElo "1934"]
[BlackElo "1813"]
[PlyCount "33"]
[EventDate "2017.01.20"]
[EventType "swiss"]
[EventRounds "10"]
[EventCountry "BRA"]
[SourceTitle "CBM 176 Extra"]
[Source "ChessBase"]
[SourceDate "2017.03.02"]
[SourceVersion "1"]
[SourceVersionDate "2017.03.02"]
[SourceQuality "1"]

1. c4 c6 2. e4 d5 3. exd5 cxd5 4. d4 Nc6 5. Nf3 Bg4 6. cxd5 Qxd5 7. Nc3 Qa5 8. d5 0-0-0 9. Qb3 Bxf3 10. gxf3 Ne5 11. Bh3+ e6 12. dxe6 Nxf3+ 13. Kf1 Qh5 14. Qc4+ Bc5 15. Bg4 Rd2 16. e7+ Kc7 17. Qf4+ 1-0

[Event "Sao Paulo Schutt Cup 10th"]
[Site "Sao Paulo"]
[Date "2016.10.30"]
[Round "6"]
[White "Cordeiro da Silva, Felipe"]
[Black "Nikolic, Jovane"]
[Result "0-1"]
[WhiteElo "1767"]
[BlackElo "1798"]
[PlyCount "88"]
[EventDate "2016.10.28"]
[EventType "swiss"]
[EventRounds "6"]
[EventCountry "BRA"]
[SourceTitle "CBM 175 Extra"]
[Source "ChessBase"]
[SourceDate "2016.12.12"]
[SourceVersion "1"]
[SourceVersionDate "2016.12.12"]
[SourceQuality "1"]

1. d4 Nf6 2. Nf3 g6 3. g3 Bg7 4. Bg2 0-0 5. c4 c5 6. 0-0 cxd4 7. Nxd4 Nc6 8. Nc3 a6 9. Bf4 Qb6 10. Nxc6 bxc6 11. Qc2 d6 12. Rad1 Rb8 13. Na4 Qb7 14. Bg5 Qc7 15. Qd2 c5 16. Nc3 Bb7 17. e4 Rfe8 18. h3 Nd7 19. b3 Qa5 20. Ne2 Qxd2 21. Rxd2 Ne5 22. Rfd1 Nc6 23. Be3 a5 24. Rb1 Ba8 25. Rdd1 Rb6 26. Nf4 Nb4 27. a3 Nc2 28. Bc1 Reb8 29. Rd2 Nd4 30. b4 axb4 31. a4 Ra6 32. Ne2 Bc6 33. Nxd4 Bxd4 34. Bb2 e5 35. Bxd4 exd4 36. f3 Rxa4 37. Bf1 Rba8 38. Rbb2 Ra1 39. Kf2 R8a3 40. Bd3 Bd7 41. g4 Rc1 42. Kg3 Be6 43. Kf4 Bxc4 44. Bxc4 Rxc4 0-1

[Event "Sao Paulo Schutt Cup 10th"]
[Site "Sao Paulo"]
[Date "2016.10.28"]
[Round "1"]
[White "Nikolic, Jovane"]
[Black "Ferreira, Caio Tulio Moreira"]
[Result "1-0"]
[WhiteElo "1798"]
[BlackElo "1407"]
[PlyCount "55"]
[EventDate "2016.10.28"]
[EventType "swiss"]
[EventRounds "6"]
[EventCountry "BRA"]
[SourceTitle "CBM 175 Extra"]
[Source "ChessBase"]
[SourceDate "2016.12.12"]
[SourceVersion "1"]
[SourceVersionDate "2016.12.12"]
[SourceQuality "1"]

1. e4 c5 2. c3 d6 3. d4 cxd4 4. cxd4 Nf6 5. Nc3 g6 6. Bd3 Nc6 7. Nge2 Bg7 8. 0-0 0-0 9. h3 Bd7 10. f4 e5 11. fxe5 dxe5 12. Bg5 h6 13. Bh4 g5 14. Bf2 exd4 15. Nxd4 Ne5 16. Bc2 a6 17. Nf3 Nxf3+ 18. Qxf3 Qc7 19. Bd4 g4 20. Qd3 Rfd8 21. e5 Ne8 22. Qh7+ Kf8 23. Rxf7+ Kxf7 24. Rf1+ Ke7 25. Nd5+ Ke6 26. Nxc7+ Nxc7 27. Bb3+ Nd5 28. Qg6+ 1-0

[Event "Sao Paulo Karman Cup 9th"]
[Site "Sao Paulo"]
[Date "2016.08.07"]
[Round "5"]
[White "Nikolic, Jovane"]
[Black "Rodrigues, Leonardo De Miranda"]
[Result "0-1"]
[WhiteElo "1792"]
[BlackElo "2145"]
[PlyCount "82"]
[EventDate "2016.08.05"]
[EventType "swiss"]
[EventRounds "6"]
[EventCountry "BRA"]
[SourceTitle "CBM 174 Extra"]
[Source "ChessBase"]
[SourceDate "2016.10.10"]
[SourceVersion "1"]
[SourceVersionDate "2016.10.10"]
[SourceQuality "1"]

1. e4 d6 2. d4 Nf6 3. Nc3 Nbd7 4. Nf3 e5 5. dxe5 dxe5 6. Bg5 Be7 7. Bc4 c6 8. 0-0 Qc7 9. Qd2 Nc5 10. Bxf6 Bxf6 11. Rad1 Be7 12. Ne1 Bg4 13. Be2 Bd7 14. Qe3 Ne6 15. Nd3 h5 16. Kh1 g5 17. Rd2 g4 18. f4 exf4 19. Qf2 b6 20. e5 0-0-0 21. Nxf4 Bg5 22. Nxe6 Bxe6 23. Rxd8+ Rxd8 24. Re1 h4 25. Ne4 Qxe5 26. a4 Kc7 27. Nxg5 Qxg5 28. Rd1 g3 29. Qg1 Rg8 30. Bf3 c5 31. Qe1 Qf4 32. Qe4 Qxe4 33. Bxe4 f5 34. Bf3 Bd7 35. b3 Re8 36. h3 Re3 37. Kg1 f4 38. Kf1 Bxh3 39. Rd3 Rxd3 40. cxd3 Be6 41. Bd1 Kd6 0-1

[Event "Sao Paulo Karman Cup 9th"]
[Site "Sao Paulo"]
[Date "2016.08.05"]
[Round "1"]
[White "Costa, Iaggo Bernini"]
[Black "Nikolic, Jovane"]
[Result "0-1"]
[WhiteElo "1396"]
[BlackElo "1792"]
[PlyCount "96"]
[EventDate "2016.08.05"]
[EventType "swiss"]
[EventRounds "6"]
[EventCountry "BRA"]
[SourceTitle "CBM 174 Extra"]
[Source "ChessBase"]
[SourceDate "2016.10.10"]
[SourceVersion "1"]
[SourceVersionDate "2016.10.10"]
[SourceQuality "1"]

1. e4 c6 2. d4 d5 3. Nd2 dxe4 4. Nxe4 Nd7 5. Nf3 Ngf6 6. Nxf6+ Nxf6 7. h3 Bf5 8. Bc4 e6 9. Bg5 Be7 10. 0-0 0-0 11. Re1 h6 12. Bf4 Nd5 13. Bxd5 Qxd5 14. c3 Be4 15. Re3 Rad8 16. Qe2 Bxf3 17. Rxf3 Bd6 18. Qe3 Bxf4 19. Qxf4 Rd7 20. Rg3 Kh8 21. Qg4 f5 22. Qe2 f4 23. Rf3 Rf6 24. Qd2 e5 25. Rd3 e4 26. c4 Qxc4 27. Rc3 Qxd4 28. Qxd4 Rxd4 29. Re1 g5 30. b4 Rf7 31. Ra3 b6 32. g3 Kg7 33. Rc3 c5 34. Rc2 fxg3 35. fxg3 Rf3 36. Kg2 Rdd3 37. g4 Rg3+ 38. Kf2 Rdf3+ 39. Ke2 Rg2+ 40. Kd1 Rxc2 41. Kxc2 e3 42. Kd3 Rxh3 43. Rxe3 Rxe3+ 44. Kxe3 Kg6 45. Ke4 h5 46. gxh5+ Kxh5 47. Kf3 c4 48. Kg3 b5 0-1

[Event "Sao Paulo Gansl op 8th"]
[Site "Sao Paulo"]
[Date "2016.05.01"]
[Round "6"]
[White "Nikolic, Jovane"]
[Black "Cerqueira, Janderson Laurenco"]
[Result "1-0"]
[WhiteElo "1798"]
[BlackElo "1637"]
[PlyCount "93"]
[EventDate "2016.04.29"]
[EventType "swiss"]
[EventRounds "6"]
[EventCountry "BRA"]
[SourceTitle "CBM 172 Extra"]
[Source "ChessBase"]
[SourceDate "2016.06.21"]
[SourceVersion "1"]
[SourceVersionDate "2016.06.21"]
[SourceQuality "1"]

1. b4 e6 2. Bb2 d5 3. Nf3 Nf6 4. b5 c5 5. e3 b6 6. c4 Bb7 7. Be2 Be7 8. 0-0 0-0 9. d4 Nbd7 10. a4 a5 11. bxa6 Bxa6 12. Na3 Ne4 13. cxd5 Bxe2 14. Qxe2 exd5 15. Nb5 c4 16. Nd2 Ndf6 17. Nxe4 Nxe4 18. f3 Nf6 19. e4 dxe4 20. fxe4 Qd7 21. Kh1 Qg4 22. Qxg4 Nxg4 23. Nc7 Rac8 24. Nd5 Bd8 25. e5 h5 26. h3 Nh6 27. Rac1 Bg5 28. Rc2 Rc6 29. Nb4 Rc7 30. d5 Ra8 31. d6 Rd7 32. Nd5 Bd8 33. Rxc4 Ra5 34. Nc7 Rc5 35. Rxc5 bxc5 36. Nb5 g6 37. Rc1 Nf5 38. g4 hxg4 39. hxg4 Ng3+ 40. Kg2 Ne4 41. Rc2 Bb6 42. Kf3 Ng5+ 43. Kf4 Ne6+ 44. Ke4 Kf8 45. Kd5 Ke8 46. Rh2 Kf8 47. Kc6 1-0

[Event "Sao Paulo Gansl op 8th"]
[Site "Sao Paulo"]
[Date "2016.04.30"]
[Round "4"]
[White "Nikolic, Jovane"]
[Black "Vieira, Alexandre Letizio"]
[Result "0-1"]
[WhiteElo "1798"]
[BlackElo "1868"]
[PlyCount "94"]
[EventDate "2016.04.29"]
[EventType "swiss"]
[EventRounds "6"]
[EventCountry "BRA"]
[SourceTitle "CBM 172 Extra"]
[Source "ChessBase"]
[SourceDate "2016.06.21"]
[SourceVersion "1"]
[SourceVersionDate "2016.06.21"]
[SourceQuality "1"]

1. e4 e5 2. Nf3 Nc6 3. d4 exd4 4. Bc4 Bb4+ 5. c3 dxc3 6. bxc3 Bc5 7. Bxf7+ Kxf7 8. Qd5+ Kf8 9. Qxc5+ d6 10. Qe3 Qf6 11. Bb2 Bg4 12. Nbd2 Re8 13. 0-0 Nge7 14. Rab1 Nd5 15. Qd3 Nf4 16. Qb5 Nd8 17. c4 Qg6 18. Nh4 Qh5 19. Nf5 Nde6 20. Qa5 Rg8 21. Qxa7 Nxg2 22. Ng3 Qh3 23. f4 b6 24. Qa3 Ngxf4 25. Rf2 Ke7 26. e5 Rd8 27. exd6+ cxd6 28. Re1 Qh6 29. Kh1 Rgf8 30. Be5 Nh5 31. Rxf8 Nxg3+ 32. Qxg3 Kxf8 33. Bxd6+ Kg8 34. Ne4 Qg6 35. Nf2 Bf5 36. Qxg6 hxg6 37. Bb4 Rd4 38. a3 Rxc4 39. Nd1 Rc2 40. Ne3 Be4+ 41. Kg1 Ra2 42. Nc4 Ng5 43. Rd1 Nf3+ 44. Kf1 Nxh2+ 45. Kg1 Nf3+ 46. Kf1 Bf5 47. Nxb6 Bh3# 0-1

[Event "Rio Claro IRT U2200 3rd"]
[Site "Rio Claro"]
[Date "2015.11.21"]
[Round "2.3"]
[White "Brienza, Amalio Coelho"]
[Black "Nikolic, Jovane"]
[Result "1-0"]
[WhiteElo "1912"]
[BlackElo "1821"]
[PlyCount "79"]
[EventDate "2015.11.21"]
[EventType "swiss"]
[EventRounds "5"]
[EventCountry "BRA"]
[SourceTitle "EXT 2022"]
[Source "ChessBase"]
[SourceDate "2021.10.06"]
[SourceVersion "1"]
[SourceVersionDate "2021.10.06"]
[SourceQuality "1"]

1. d4 Nf6 2. c4 c5 3. d5 b5 4. cxb5 a6 5. bxa6 Bxa6 6. Nf3 g6 7. Nc3 Bg7 8. g3 0-0 9. Bg2 d6 10. 0-0 Nbd7 11. Rb1 Qa5 12. Qc2 Rfb8 13. Bd2 Ng4 14. b3 Bb7 15. a4 Nge5 16. Rfe1 Nxf3+ 17. exf3 Qd8 18. f4 Nf6 19. f5 Bc8 20. fxg6 hxg6 21. Bf1 Ng4 22. Bf4 Bd4 23. Nd1 e5 24. dxe6 Bxe6 25. Rxe6 Nxf2 26. Rxd6 Nxd1+ 27. Kh1 Nf2+ 28. Kg2 Qc8 29. Rxd4 cxd4 30. Qxf2 Qc6+ 31. Kg1 Qe4 32. Re1 Qd5 33. Bc4 Qd7 34. Bxb8 Rxb8 35. Rd1 Rd8 36. Qe2 Qa7 37. Qd3 Rd7 38. Kg2 Qa8+ 39. Qf3 Qe8 40. Bb5 1-0

[Event "Rio Claro IRT U2200 3rd"]
[Site "Rio Claro"]
[Date "2015.11.21"]
[Round "1.9"]
[White "Nikolic, Jovane"]
[Black "Polsak da Rocha, Yure H"]
[Result "1-0"]
[WhiteElo "1821"]
[BlackElo "1418"]
[PlyCount "105"]
[EventDate "2015.11.21"]
[EventType "swiss"]
[EventRounds "5"]
[EventCountry "BRA"]
[SourceTitle "EXT 2022"]
[Source "ChessBase"]
[SourceDate "2021.10.06"]
[SourceVersion "1"]
[SourceVersionDate "2021.10.06"]
[SourceQuality "1"]

1. e4 e5 2. Nf3 Nc6 3. d4 exd4 4. Nxd4 Nxd4 5. Qxd4 d6 6. Bc4 Qf6 7. Be3 Qxd4 8. Bxd4 Be6 9. Bb5+ c6 10. Bd3 Nf6 11. Nc3 Be7 12. f4 0-0-0 13. Bxa7 Nd7 14. f5 b6 15. fxe6 fxe6 16. Bxb6 Nxb6 17. a4 Kb7 18. a5 Ra8 19. 0-0 Rhf8 20. axb6 Rxf1+ 21. Rxf1 Kxb6 22. Rf7 Bf6 23. g4 h6 24. h4 Ra1+ 25. Kg2 Ra7 26. Rxa7 Kxa7 27. Na4 Bxh4 28. e5 d5 29. Nc5 Be7 30. Nxe6 g5 31. Nd4 Bc5 32. Nf5 Kb7 33. e6 Kc7 34. Ba6 Bd6 35. e7 Kd7 36. Nxd6 Kxe7 37. Nf5+ Ke6 38. Nxh6 Ke5 39. Kf3 c5 40. c3 Kd6 41. b4 c4 42. Nf5+ Kd7 43. b5 Kc7 44. Ne3 Kd6 45. b6 Kc6 46. b7 Kc7 47. Nxd5+ Kb8 48. Ke4 Ka7 49. Nb4 Kb8 50. Kd5 Ka7 51. Kd6 Kb6 52. b8Q+ Ka5 53. Qb5# 1-0

[Event "Sao Paulo ECP op 6th"]
[Site "Sao Paulo"]
[Date "2015.10.24"]
[Round "4"]
[White "Nikolic, Jovane"]
[Black "Schutt, Ricardo de Amorim"]
[Result "1/2-1/2"]
[WhiteElo "1778"]
[BlackElo "2113"]
[PlyCount "37"]
[EventDate "2015.10.23"]
[EventType "swiss"]
[EventRounds "6"]
[EventCountry "BRA"]
[SourceTitle "CBM 169 Extra"]
[Source "ChessBase"]
[SourceDate "2015.12.18"]
[SourceVersion "1"]
[SourceVersionDate "2015.12.18"]
[SourceQuality "1"]

1. e4 c5 2. c3 Nf6 3. e5 Nd5 4. d4 cxd4 5. Nf3 e6 6. cxd4 d6 7. Bc4 Nb6 8. Bb5+ Bd7 9. Bxd7+ Qxd7 10. 0-0 Nc6 11. Nc3 dxe5 12. dxe5 Qxd1 13. Rxd1 Bb4 14. Nb5 0-0 15. Be3 Nd5 16. Bd2 Be7 17. Nc3 Nxc3 18. Bxc3 Rfd8 19. Kf1 1/2-1/2

[Event "Sao Paulo ECP Etapa Jarbas Karman V"]
[Site "Sao Paulo"]
[Date "2015.10.10"]
[Round "4.3"]
[White "Nikolic, Jovane"]
[Black "De Freitas, Fabio Ruiz"]
[Result "1-0"]
[WhiteElo "1778"]
[BlackElo "1534"]
[PlyCount "57"]
[EventDate "2015.10.09"]
[EventType "swiss"]
[EventRounds "6"]
[EventCountry "BRA"]
[SourceTitle "EXT 2022"]
[Source "ChessBase"]
[SourceDate "2021.10.06"]
[SourceVersion "1"]
[SourceVersionDate "2021.10.06"]
[SourceQuality "1"]

1. b4 e5 2. b5 d6 3. Bb2 g6 4. Nf3 Bg7 5. e3 Nf6 6. Be2 Nbd7 7. 0-0 0-0 8. c4 Re8 9. Nc3 Nc5 10. d4 exd4 11. Nxd4 d5 12. Nb3 Nxb3 13. Qxb3 dxc4 14. Bxc4 Be6 15. Rfd1 Qe7 16. Ne2 Bxc4 17. Qxc4 Rad8 18. Bd4 Nh5 19. Rac1 Bxd4 20. Rxd4 Rxd4 21. Qxd4 Qa3 22. Qc4 Qb2 23. Nd4 Re7 24. h3 Nf6 25. Rc2 Qa3 26. Qe2 Qd6 27. Qf3 Qd5 28. Qxf6 Rd7 29. Qf3 1-0

[Event "Sao Paulo Hebraica op 21st"]
[Site "Sao Paulo"]
[Date "2015.07.11"]
[Round "3"]
[White "Nikolic, Jovane"]
[Black "Schultz, Rauanda"]
[Result "1-0"]
[WhiteElo "1735"]
[BlackElo "1564"]
[PlyCount "61"]
[EventDate "2015.07.11"]
[EventType "swiss"]
[EventRounds "5"]
[EventCountry "BRA"]
[SourceTitle "CBM 167 Extra"]
[Source "ChessBase"]
[SourceDate "2015.09.14"]
[SourceVersion "1"]
[SourceVersionDate "2015.09.14"]
[SourceQuality "1"]

1. e4 c5 2. c3 Nf6 3. e5 Nd5 4. d4 cxd4 5. Nf3 Nc6 6. cxd4 d6 7. Bc4 Nb6 8. Bb5 Bd7 9. Nc3 e6 10. exd6 a6 11. Bd3 Bxd6 12. 0-0 Be7 13. Bf4 0-0 14. a3 Rc8 15. Bc2 Na5 16. Qd3 g6 17. Ne5 Bf6 18. Rad1 Nac4 19. Rb1 Bg7 20. Ne4 Bc6 21. Nc5 Bd5 22. b4 Nd6 23. Bb3 Bxb3 24. Qxb3 Nd5 25. Bg3 b6 26. Nxf7 Kxf7 27. Nxe6 Kxe6 28. Rbe1+ Kd7 29. Qxd5 Qc7 30. Qe6+ Kd8 31. Bh4+ 1-0

[Event "Rio de Janeiro Borensztajn op 3rd"]
[Site "Rio de Janeiro"]
[Date "2015.06.28"]
[Round "7"]
[White "Nikolic, Jovane"]
[Black "Pinto Neto, Antonio de Padua"]
[Result "0-1"]
[WhiteElo "1741"]
[BlackElo "1947"]
[PlyCount "62"]
[EventDate "2015.06.25"]
[EventType "swiss"]
[EventRounds "7"]
[EventCountry "BRA"]
[SourceTitle "CBM 167 Extra"]
[Source "ChessBase"]
[SourceDate "2015.09.14"]
[SourceVersion "1"]
[SourceVersionDate "2015.09.14"]
[SourceQuality "1"]

1. e4 c5 2. c3 Nf6 3. d3 g6 4. f4 d6 5. Nf3 Bg7 6. Be2 0-0 7. 0-0 Nc6 8. c4 e6 9. Nbd2 Rb8 10. Rb1 a6 11. b3 Ng4 12. Qe1 Ne3 13. Rf2 Nd4 14. Bb2 e5 15. Nxd4 exd4 16. Nf1 Nxf1 17. Rxf1 f5 18. Bf3 b5 19. Qd2 Bb7 20. Rbe1 bxc4 21. bxc4 Bh6 22. e5 Bxf3 23. Rxf3 Re8 24. Qc2 Qa5 25. Re2 dxe5 26. fxe5 Be3+ 27. Rfxe3 dxe3 28. a3 f4 29. Qc1 Qd8 30. Qc3 Re6 31. Qe1 Qxd3 0-1

[Event "Rio de Janeiro Borensztajn op 3rd"]
[Site "Rio de Janeiro"]
[Date "2015.06.26"]
[Round "2"]
[White "Fucs, Paulo Moses"]
[Black "Nikolic, Jovane"]
[Result "1-0"]
[WhiteElo "2170"]
[BlackElo "1741"]
[PlyCount "193"]
[EventDate "2015.06.25"]
[EventType "swiss"]
[EventRounds "7"]
[EventCountry "BRA"]
[SourceTitle "CBM 167 Extra"]
[Source "ChessBase"]
[SourceDate "2015.09.14"]
[SourceVersion "1"]
[SourceVersionDate "2015.09.14"]
[SourceQuality "1"]

1. d4 c6 2. Nf3 d5 3. g3 Nf6 4. Bg2 Bf5 5. b3 Nbd7 6. Bb2 e6 7. Nbd2 Bd6 8. 0-0 Qc7 9. c4 0-0 10. Re1 h6 11. a3 Be7 12. Rc1 Ne4 13. b4 a6 14. Qb3 Ndf6 15. Red1 dxc4 16. Nxc4 Nd5 17. Nfd2 Nxd2 18. Nxd2 Nf6 19. e4 Bg4 20. Re1 Qd7 21. Nc4 Bd8 22. Ne5 Qe8 23. d5 Rc8 24. dxc6 bxc6 25. Bd4 Be7 26. Qe3 Bh5 27. h3 a5 28. bxa5 Bd6 29. Nc4 Bc7 30. Nb6 Rb8 31. Rc4 Nd7 32. Rec1 e5 33. Bc5 Nxc5 34. Qxc5 Qd8 35. Rb4 Bd6 36. Qxc6 Bxb4 37. axb4 Re8 38. Qc7 Qd4 39. Qc4 Qb2 40. Qc3 Qe2 41. Re1 Qa6 42. Bf1 Qb7 43. Nd5 f6 44. Nb6 Re6 45. Bc4 Bf7 46. Bxe6 Bxe6 47. Kh2 Rd8 48. b5 Rd4 49. Qc6 Qxc6 50. bxc6 Rd2 51. Rc1 Rxf2+ 52. Kg1 Ra2 53. Rc5 Bxh3 54. c7 Rg2+ 55. Kh1 Rxg3 56. Kh2 Ra3 57. Nc4 Rc3 58. c8Q+ Bxc8 59. Rxc8+ Kh7 60. a6 Rc2+ 61. Kg3 Ra2 62. Rc6 h5 63. Nd6 g5 64. Nc8 Kg6 65. Ne7+ Kf7 66. Nd5 Ra3+ 67. Kf2 Ra2+ 68. Ke3 Ra3+ 69. Ke2 h4 70. Rxf6+ Kg7 71. Rf5 Kg6 72. Rxe5 Rxa6 73. Re8 Kh5 74. Kf3 Ra3+ 75. Ne3 Kg6 76. e5 Kf7 77. Rh8 Kg7 78. Re8 Kf7 79. Rb8 Ke6 80. Re8+ Kf7 81. Rc8 Ke6 82. Ke4 Ra4+ 83. Nc4 Kd7 84. Rc5 Ke6 85. Rc6+ Ke7 86. Kf5 h3 87. Re6+ Kf7 88. Nd6+ Kg7 89. Kxg5 h2 90. Nf5+ Kf7 91. Rf6+ Ke8 92. Rh6 Ra2 93. Kf6 Rf2 94. e6 Kd8 95. Rh8+ Kc7 96. e7 Re2 97. Rxh2 1-0

[Event "Sao Paulo Esporte CC-B"]
[Site "Sao Paulo"]
[Date "2015.06.13"]
[Round "8"]
[White "Bicalho, Rafael Cury"]
[Black "Nikolic, Jovane"]
[Result "0-1"]
[WhiteElo "1542"]
[BlackElo "1728"]
[PlyCount "104"]
[EventDate "2015.04.11"]
[EventType "tourn"]
[EventRounds "11"]
[EventCountry "BRA"]
[SourceTitle "EXT 2017"]
[Source "ChessBase"]
[SourceDate "2016.10.25"]
[SourceVersion "1"]
[SourceVersionDate "2016.10.25"]
[SourceQuality "1"]

1. e4 c6 2. d4 d5 3. Nc3 dxe4 4. Nxe4 Nd7 5. Nf3 Ngf6 6. Nxf6+ Nxf6 7. Bc4 e6 8. 0-0 Be7 9. c3 0-0 10. Ne5 Qc7 11. Re1 c5 12. Bb3 cxd4 13. cxd4 b6 14. Qf3 Bb7 15. Qg3 Bb4 16. Rd1 Ne4 17. Qg4 Bd6 18. Nf3 Nf6 19. Qh4 Bxf3 20. gxf3 Qc6 21. Rd3 Qb5 22. Rc3 Rac8 23. Bg5 Rxc3 24. bxc3 Qf5 25. Bxf6 Qxf6 26. Bc2 h6 27. Qg4 Qf4 28. Rd1 Qxh2+ 29. Kf1 Qf4 30. Ke2 Qxg4 31. fxg4 Rc8 32. Kd3 Kf8 33. c4 Ke7 34. Bb3 Kf6 35. Ke4 Kg5 36. f3 f5+ 37. gxf5 exf5+ 38. Kd5 Bf8 39. c5 bxc5 40. Ke5 Re8+ 41. Kd5 cxd4 42. Kc6 Rd8 43. Kb7 Bc5 44. Rd3 Re8 45. a4 Re3 46. Bc4 Rxd3 47. Bxd3 Kf4 48. a5 Kxf3 49. Bxf5 Ke3 50. Kc6 Bb4 51. a6 d3 52. Kb7 Bc5 0-1